Estatísticas para Cultura Geral

Clique aqui para jogar o quiz

Estatísticas Gerais

  • Esse quiz foi jogado 16 vezes
  • A pontuação média é 9 de 15

Estatísticas das Respostas

HintResposta% Correto
A bandeira de qual país é um retângulo branco, com um círculo vermelho no centro?Japão
100%
Quem liderou a Apple Computer até sua morte em 2011?Steve Jobs
100%
Quem comeu uma maçã depois de ser tentado por uma serpente?Eva
93%
Na cultura popular, que tipo de animal traz os filhos recém-nascidos?Cegonha
86%
O que é permitido a um homem ter até quatro, de acordo com o Alcorão?Esposas
86%
Quem, segundo a lenda, descobriu as leis da gravidade depois de ser atingido na cabeça por uma maçã caindo?Isaac Newton
86%
De que país a Groenlândia é uma parte autónoma?Dinamarca
64%
Em que país teve origem o bombom Ferrero Rocher?Itália
64%
Que fruto está dentro do bombom Ferrero Rocher?Avelã
50%
Que maçã tem o nome de uma montanha asiática?Fuji
43%
Que cidade é apelidada de "A Big Apple"?Nova Iorque
43%
Por qual desporto Tony Hawk é famoso?Skate
43%
Que comida às vezes é chamada de rosquinha espanhola, apesar de ter uma forma diferente?Churros
14%
Quem canta a música "U Can't Touch This"?
MC Hammer
7%
Que tipo de animal espalha a doença de Lyme?Carraça
0%

Distribuição das Pontuações

Percentil de Números Respondidos

Porcentagem de Pessoas com Cada Pontuação

Sua Pontuação Histórica

Você não jogou esse quiz